Países que acaban por la letra N - Estadísticas

Estadísticas generales
  • Esta prueba ha sido intentada 41 veces
    23 desde el último reinicio
  • La puntuación promedio es 15 de 21
Estadísticas de respuestas
País % Correcto
Afganistán
100%
Pakistán
94%
Tayikistán
94%
Turkmenistán
94%
Bután
89%
Japón
83%
Kazajistán
83%
Kirguistán
83%
Uzbekistán
83%
Omán
78%
Irán
72%
Sudán
72%
Azerbaiyán
67%
Yemen
67%
Baréin
61%
Taiwán
56%
Islas Salomón
50%
Benín
39%
Camerún
39%
Gabón
39%
Liechtenstein
39%
No se encontraron pruebas coincidentes
Distribución de puntuación
Porcentaje de gente con cada puntuación
Porcentaje por número respondido
Historial de tus puntuaciones
No has intentado esta prueba desde el último reinicio